000 00284nam a22001337a 4500
999 _c168430
_d168430
082 _a
_b
100 _aRhys Davids
245 _aSacred writings of the buddhists/
_cby Rhys Davids.
260 _aNew Delhi:
_bCosmo,
_c
300 _a
650 _a
700 _a
942 _cBK